000 01179nam a2200325 a 4500
001 000036809
003 DO-SdBNP
005 20260305073959.0
007 ta
008 090716s2011 dr abo gr 001 0dspa d
020 _a9789945004410
040 _aDO-SdBNP
_bspa
_cBNPHU
082 4 _222
_a972.93
_bG984h
100 1 _aGutiérrez Félix, Euclides,
_d1936-
_95673
245 1 0 _aHaití y la República Dominicana :
_bun origen y dos destinos /
_cEuclides Gutiérrez Félix ; prólogo Manuel Núñez, Editor, Cándido Gerón.
250 _a2a ed., aum. y corr.
260 _aSanto Domingo :
_bCorripio,
_c2011.
300 _a528 p. :
_bil. , mapa, rertr. ;
_c23 cm.
490 1 _aEnsayos históricos
500 _aIncluye índice onomástico.
504 _aIncluye referencias bibliográficas y notas al pie de las páginas.
590 _aInventariado 2021 / MF
651 4 _aRepública Dominicana
_xHistoria
_9170
651 4 _aHaití
_xHistoria
_98418
700 1 2 _aNúñez, Manuel,
_d1957-
_epról.
_92366
700 1 2 _aGerón, Candido,
_d1948-
_epról.
_93577
830 0 _aEnsayos históricos
_912145
910 _aValidado. Control de calidad MFF
942 _2ddc
_cLBS1
999 _c36300
_d36300